Standard for the repair of buildings following flooding (Record no. 104725)

MARC details
000 -LEADER
fixed length control field 01284cam a2200265 4500
001 - CONTROL NUMBER
control field ##L131365
008 - FIXED-LENGTH DATA ELEMENTS--GENERAL INFORMATION
fixed length control field 051026n2005 000 0 eng u
020 ## - INTERNATIONAL STANDARD BOOK NUMBER
International Standard Book Number 0860176231
035 ## - SYSTEM CONTROL NUMBER
System control number (Sirsi) u131365
041 0# - LANGUAGE CODE
Language code of text/sound track or separate title eng
050 00 - LIBRARY OF CONGRESS CALL NUMBER
Classification number 690.24
-- 22
100 1# - MAIN ENTRY--PERSONAL NAME
Personal name Garvin, S
245 00 - TITLE STATEMENT
Title Standard for the repair of buildings following flooding
260 ## - PUBLICATION, DISTRIBUTION, ETC.
Place of publication, distribution, etc. London
Name of publisher, distributor, etc. CIRIA
Date of publication, distribution, etc. 2005
300 ## - PHYSICAL DESCRIPTION
Extent 134p.
Dimensions 30cm.
350 ## - PRICE (NR) (BK AM CF MU VM SE) [OBSOLETE]
Price 80
490 #0 - SERIES STATEMENT
Series statement CIRIA Publication
Volume/sequential designation C623
520 ## - SUMMARY, ETC.
Summary, etc. This guide sets out requirements for the repair of buildings following flooding. It includes: includes: a description of the causes of flooding and the impact that floods can have on buildings; making safe, decontamination and drying activities that must be undertaken immediately after the floodwaters have receded, including recommendations on appropriate health and safety risk assessments; conducting post-flood surveys and future flood risk assessments, and standards of repair for buildings following flooding. Appendices contain guidance to homeowners, technical information, key organisations offering advice on flooding and information on insurance.
590 ## - LOCAL NOTE (RLIN)
Local note IKA081105
690 ## - LOCAL SUBJECT ADDED ENTRY--TOPICAL TERM (OCLC, RLIN)
Topical term or geographic name as entry element Refurbishment
9 (RLIN) 6264
700 1# - ADDED ENTRY--PERSONAL NAME
Personal name Reid, J
700 1# - ADDED ENTRY--PERSONAL NAME
Personal name Scott, M
942 ## - ADDED ENTRY ELEMENTS (KOHA)
Suppress in OPAC 0
Holdings
Withdrawn status Lost status Source of classification or shelving scheme Damaged status Not for loan Home library Current library Shelving location Date acquired Total Checkouts Full call number Barcode Date last seen Date last checked out Copy number Price effective from Koha item type
    Dewey Decimal Classification     London London Folio 26/10/2005 13 F690.24 GAR 30070892 06/08/2019 03/12/2008 1 06/08/2019 Book